000 01578ca a22004337a 4500
003 CHAP
005 20220817044414.0
008 111006s2009 it a r 00010 eng d
010 _a100044
011 _a101016
020 _a9789251063279
035 _a111702
040 _cCHAP
082 0 4 _a338.47
_bF21y
100 0 0 _aGolob, Peter.
_948599
245 1 4 _aOn - farm post - harvest management of food grains :
_ba manual for extension workers with special reference to Africa
_c/por Peter Golob ; editado por Robin Boxall y Stephanie Gallat
260 _aRoma :
_bFAO,
_c2009
300 _aix, 56 p. :
_bilus.
490 0 _aAgricultural and food engineering training and resource materials
_v; 2
590 _aBATCH-UPD
_b10
_c20130110
_lUCH01
_h1143
590 _aBATCH-UPD
_b10
_c20130410
_lUCH01
_h0746
590 _aBATCH-UPD
_b10
_c20130914
_lUCH01
_h0112
590 _aCONVERSION
_b10
_c20130109
_lUCH01
_h1355
650 1 4 _aAgricultura
_xAfrica
_zAfrica.
_9175391
650 1 4 _aCereales.
_921370
650 1 4 _aCereales
_xAlmacenamiento.
_921373
650 1 4 _aControl de plagas.
_927595
650 1 4 _aCosecha.
_928441
650 1 4 _aLeguminosas.
_965807
650 1 4 _aSalud pública.
_9101813
650 1 4 _aSemillas oleaginosas.
_9103944
700 1 _aBoxall, Robin
_e, ed.
_914861
700 1 _aGallat, Stephanie
_eed.
_944381
710 0 _aFAO
830 0 _aAgricultural and food engineering training and resource materials
_v; 2
_92081
901 _aBK
942 _cLIBRO
949 _a338.47 F21y v.2
_bBC
_cFAO
_d33724002219116
_eFAO1
_gDonaciØn
_h115938
_i111702
_sb
999 _c100044
_d100044